| 000 | 00747nam a2200241 a 4500 | ||
|---|---|---|---|
| 008 | |||
| 020 | _a031215335X (cased) | ||
| 049 | _aMAIN | ||
| 090 |
_aHD6971 _bBEA |
||
| 100 | 1 |
_aBean, R. _q(Ron) |
|
| 245 | 1 | 0 |
_aComparative industrial relations : _ban introduction to cross-national perspectives / _cR. Bean. |
| 260 |
_aNew York : _bSt. Martin's Press, _c1985. |
||
| 300 |
_a261 p. ; _c23 cm. |
||
| 504 | _aIncudes bibliographical references. | ||
| 500 | _aIncludes indexes. | ||
| 650 | 0 | _aIndustrial relations. | |
| 650 | 0 | _aComparative industrial relations. | |
| 907 |
_a.b10053232 _b02-05-12 _c17-04-03 |
||
| 003 | |||
| 005 | 20230123133228.0 | ||
| 040 | _cNUST | ||
| 942 |
_cBOOKS _kHD6971 _mBEA |
||
| 999 |
_c144967 _d144967 |
||